000 01949nam0a2200409 4500
001 RU\NLR\bibl\328488
005 20260408193815.0
021 _aRU
_b2002-36331
_91769
035 _a(NLR Aleph) 000323467
090 _a111847
_c111847
100 _a20021016d2001 |||y0rusy50 ca
101 0 _arus
102 _aRU
105 _acb |||||||||
200 1 _aРоссия - Казахстан: современные мифы и историческая реальность
_eСб. науч. и публицист. ст.
_fВ.А. Моисеев
210 _aБарнаул
_cБ.и.
_d2001
215 _a171 с.
_cпортр., карты
_d21
320 _aБиблиогр. в примеч. в конце ст.
607 _aРоссия
_xВзаимоотношения с Казахстаном, Республикой
_92237792
_3RU\NLR\auth\661342919
607 _aКазахстан, Республика
_xВзаимоотношения с Россией
_92237796
_3RU\NLR\auth\661342921
607 _aРоссия
_xВзаимоотношения
_yКазахстан
_3RU\NLR\auth\661342918
_92237790
607 _aКазахстан
_xВзаимоотношения
_yРоссия
_3RU\NLR\auth\661342920
_92237794
610 0 _aРусско-казахстанские отношения - История
610 0 _aРоссийская Федерация
610 0 _aКазахстан, междунар. отношениямеждунар. отношения
675 _a327(47+57:574)(091)(082)
_v3
_zrus
686 _a11.25
_2rugasnti
686 _a63.3(2Рос)
_2rubbk
686 _aТ3(2)0-64(5Каз)
686 _aТ3(5Каз)0-64(2)
700 1 _4070
_8rus
_7ca
_aМоисеев
_bВ.А.
_f1948-
_gВладимир Анисимович
_3RU\NLR\auth\7719897
_92967
801 0 _aRU
_bRKP
_c20021016
_gPSBO
801 1 _aRU
_bRKP
_c20021016
801 2 _aRU
_bNLR
_c20080114
_grcr
942 _cBOOK
980 _aNB